| 000 | 00728cam a2200229u 4500 | ||
|---|---|---|---|
| 001 | 14002297 | ||
| 003 | ARRUPE | ||
| 005 | 20141010123258.0 | ||
| 008 | 050614m18891890xx c 000 0aeng | ||
| 010 | _a 01018259 | ||
| 040 |
_aDLC _cCarP _dDLC |
||
| 050 | 0 | 0 |
_a SPCP B1632 _b.A2 1893 |
| 100 | 1 |
_aGreen, Thomas Hill, _d1836-1882. _912134 |
|
| 245 | 1 | 0 |
_aWorks of Thomas Hill Green ... _cGreen, Thomas Hil |
| 250 | _a2d ed. | ||
| 260 |
_aLondon and New York, _bLongmans, Green, and co., _c1893. |
||
| 300 |
_axliv, 552p.; _c23 cm. |
||
| 650 | 0 |
_aPhilosophy, Modern. _912135 |
|
| 700 | 1 |
_aNettleship, Richard Lewis, _d1846-1892, _eed. _912136 |
|
| 906 |
_a0 _bcbc _cpremunv _du _encip _f19 _gy-gencatlg |
||
| 942 |
_2lcc _cMONOGRAPH |
||
| 999 |
_c121110 _d121110 |
||